000 01549nam a2200253Ia 4500
003 OSt
005 20210531121816.0
008 210310s2010 ck ad 000 0 spa d
040 _aCO-JMCR
_cCO-JMCR
041 0 _aspa
082 0 4 _b338.17 /
_aC797p
_223
110 2 _aCorporación Financiera Colombiana
_938020
245 1 0 _aProyecciones 2011:
_bTsunami de dólares /
_cCorporación Financiera Colombiana
260 _aBogotá :
_bCorficolombiana,
_c2010.
300 _a81 páginas :
_bilustraciones y gráficas en blanco y negro ;
_c28 cm.
440 _a0
_926386
501 _aCon: notas a pie de página.
505 0 _aRecuadro: QE"- entrando en terreno desconocido. -- Proyecciones macroeconómicas: consolidación de la recuperación. -- Sector financiero: consolidación de la cartera y restricciones de liquidez. -- Inflación y política monetaria: presiones al alza. -- Posición fiscal: el ruido fiscal de 2011. -- Mercado cambiario: Tsunami de dólares. -- Recuadro: intervenciones cambiarias a nivel global. -- Recuadro: el reto de los flujos de inversión. -- Mercado de deuda: disminuye el apetito en 2011. -- Recuadro: diferencia entre TES globales y locales. -- Mercado de renta variable: apoyado por la liquidez externa.
650 2 4 _aComercio de productos agrícolas
_xProyecciones
_y2011-2020
_926387
650 2 4 _aAgricultura
_xAspectos económicos
_vProductos básicos
_938025
650 2 4 _aComercio
_xProyecciones
_y2011-2020
_938026
650 2 4 _aProductos pecuarios
_xProyecciones
_y2011-2020
_938027
942 _2ddc
_cBK
999 _c11764
_d11764